| 000 | 01173nam0a22002651 4500 | ||
|---|---|---|---|
| 001 | rc\4701054 | ||
| 005 | 20260407042723.0 | ||
| 021 |
_aRU _b[57-31629] |
||
| 035 | _a(NLR Aleph) 008718714 | ||
| 090 |
_a9404140 _c9404140 |
||
| 100 | _a20130416d1957 |||y0rusy50 ca | ||
| 101 | 0 | _arus | |
| 102 | _aRU | ||
| 105 | _aa z ||||| | ||
| 200 | 1 |
_aПроект стационарной пароформалиновой дезинфекционной камеры внутренним объемом 5 куб. м _fМ-во здравоохранения СССР. ЦНИДИ. Отд. камерной дезинфекции |
|
| 210 |
_aМосква _cБ. и. _d1957 |
||
| 215 |
_a12 с., 19 с. черт. _d29 |
||
| 300 | _aСветогр. изд. | ||
| 606 |
_aДезинфекционные камеры, пароформалиновые _jПроекты и чертежи _2psbo |
||
| 712 | 0 | 2 |
_aЦентральный научно-исследовательский дезинфекционный институт _cМосква _3RU\NLR\AUTH\8810015011 _9527892 |
| 801 | 0 |
_aRU _bNLR _gpsbo |
|
| 801 | 1 |
_aRU _bELAR _2rusmarc |
|
| 852 |
_aNLR _j57-9/105 |
||
| 942 | _cBOOK | ||
| 980 | _aNB | ||